Aplikácia moderných nástrojov manažérstva kvality v podniku diplomová práca

Saved in:
Bibliographic Details
Main Author: Liptáková, Nikola
Corporate Author: Podnikovohospodárska fakulta EU so sídlom v Košiciach. Katedra manažmentu
Other Authors: Szaryszová, Petra, 1984-
Format: Book
Language:Slovak
Published: Košice 2019
Tags: Add Tag
No Tags, Be the first to tag this record!

MARC

LEADER 00000nbm a2200000 4500
001 0254763
005 20190913135551.6
041 0 |a slo 
044 |a SK 
245 1 0 |a Aplikácia moderných nástrojov manažérstva kvality v podniku  |b diplomová práca  |c Nikola Liptáková ; školiteľ: Petra Szaryszová 
264 1 |a Košice  |c 2019 
300 |a 73 s. 
100 1 |a Liptáková, Nikola 
700 1 |a Szaryszová, Petra, 1984- 
710 2 |a Podnikovohospodárska fakulta EU so sídlom v Košiciach. Katedra manažmentu